000 00638nam a2200181 a 4500
005 20230523063715.0
008 030820s2001 mx r 000 0 spa d
020 _a9707011912
035 _aUPN01000128006
049 _aCG
050 4 _aB3317
_bF7.6
100 1 _aFrey, Herbert,
_d1949-
_933096
245 1 0 _aNietzsche, Eros y occidente :
_bla crítica nietzscheana a la tradición occidental /
_cHerbert Frey.
260 _aMéxico :
_bUNAM, Instituto de Investigaciones Sociales :
_bM. A. Porrúa,
_c2001.
300 _a171 p.
600 1 0 _aNietzsche, Friedrich Wilhelm,
_d1844-1900
_xCrítica e interpretación
_97380
905 _aLibro
999 _c100185
_d100185